Score 0/22 Timer 06:00
8 Plays Today
Letter Parks % Correct
YYellowstone (ID,MT,WY), Yosemite (CA)
97.3%
GGates of the Arctic (AK), Gateway Arch (MO), Glacier (MT), Glacier Bay (AK), Grand Canyon (AZ), Grand Teton (WY), Great Basin (NV)......
82.3%
ZZion (UT)
59.8%
BBadlands (SD), Big Bend (TX), Biscayne (FL), Black Canyon of the Gunnison (CO), Bryce Canyon (UT)
59.2%
AAcadia (ME), American Samoa (AS), Arches (UT)
59%
EEverglades (FL)
58.4%
DDeath Valley (CA,NV), Denali (AK), Dry Tortugas (FL)
55.3%
RRedwood (CA), Rocky Mountain (CO)
50.6%
CCanyonlands (UT), Capitol Reef (UT), Carlsbad Caverns (NM), Channel Islands (CA), Congaree (SC), Crater Lake (OR), Cuyahoga Valley (OH)
45.3%
SSaguaro (AZ), Sequoia (CA), Shenandoah (VA)
41.5%
MMammoth Cave (KY), Mesa Verde (CO), Mount Rainier (WA)
36.4%
Letter Parks % Correct
HHaleakala (HI), Hawaii Volcanoes (HI), Hot Springs (AR)
31.1%
JJoshua Tree (CA)
28.4%
OOlympic (WA)
26.9%
KKatmai (AK), Kenai Fjords (AK), Kings Canyon (CA), Kobuk Valley (AK)
22.9%
PPetrified Forest (AZ), Pinnacles (CA)
22.3%
IIndiana Dunes (IN), Isle Royale (MI)
17.6%
VVirgin Islands (VI), Voyageurs (MN)
16.1%
TTheodore Roosevelt (ND)
15.3%
WWhite Sands (NM), Wind Cave (SD), Wrangell-St. Elias (AK)
14.5%
LLake Clark (AK), Lassen Volcanic (CA)
13.9%
NNorth Cascades (WA)
12.6%

You're not logged in!

Compare scores with friends on all Sporcle quizzes.
OR
Log In

Sporcle TV

Today on Sporcle TV


Watch our educational content, quiz creation guides, and fun videos on Sporcle TV.

Show Comments

Extras

Top Quizzes Today


Score Distribution

Paid Content

Your Account Isn't Verified!

In order to create a playlist on Sporcle, you need to verify the email address you used during registration. Go to your Sporcle Settings to finish the process.

Report this User

Report this user for behavior that violates our Community Guidelines.

Details: